[Event "Int. Stuttgarter Stadtmeisterschaft A"]
[Site "Ditzingen"]
[Date "2019.05.31"]
[Round "3.8"]
[White "Gabriel, Josef"]
[Black "Becker, Matthias"]
[Result "0-1"]
[WhiteElo "2062"]
[BlackElo "2287"]
[PlyCount "106"]
[EventDate "2019.??.??"]
[WhiteTeam "Stuttgarter SF"]
[BlackTeam "BG Buchen"]

1. e4 e5 2. Bc4 Nf6 3. d3 Nc6 4. Nf3 Bc5 5. O-O d6 6. c3 h6 7. a4 a5 8. Na3 O-O
9. Nc2 Ba7 10. Be3 Be6 11. Bxe6 fxe6 12. Qe2 Qe8 13. Nd2 Nh5 14. Kh1 Nf4 15.
Bxf4 Rxf4 16. g3 Rf6 17. f4 exf4 18. gxf4 Qf7 19. Qg4 Rf8 20. Rf3 Ne5 21. fxe5
Rxf3 22. Nxf3 Qxf3+ 23. Qxf3 Rxf3 24. exd6 cxd6 25. Rd1 Rf2 26. Na3 d5 27. exd5
exd5 28. c4 Rxb2 29. cxd5 Bb8 30. Nc4 Rxh2+ 31. Kg1 Rh5 32. Nxa5 b6 33. Nc4
Rxd5 34. Kg2 Bc7 35. Kf3 Rd8 36. Ke4 Ra8 37. Nb2 h5 38. Rh1 g6 39. Rc1 Ra7 40.
d4 h4 41. Rh1 g5 42. Kf5 Bd8 43. Kg4 Rf7 44. Kh5 Rf4 45. Nd3 Rxd4 46. Ne5 Re4
47. Ng4 Rxa4 48. Rd1 Be7 49. Rd7 Kf7 50. Rb7 Rb4 51. Ne5+ Kf6 52. Nc6 h3 53.
Nxe7 Rh4# 0-1

[Event "Int. Stuttgarter Stadtmeisterschaft A"]
[Site "Ditzingen"]
[Date "2019.05.31"]
[Round "3.9"]
[White "Denk, Jürgen"]
[Black "Neyman, Igor"]
[Result "0-1"]
[WhiteElo "2028"]
[BlackElo "2331"]
[PlyCount "50"]
[EventDate "2019.??.??"]
[WhiteTeam "SC Leinzell"]
[BlackTeam "Stuttgarter SF 1879"]

1. d4 Nf6 2. c4 e6 3. g3 d5 4. Nf3 c6 5. Qc2 Bb4+ 6. Nbd2 Nbd7 7. Bg2 O-O 8.
O-O b5 9. cxb5 cxb5 10. a4 bxa4 11. Rxa4 a5 12. Rd1 Ba6 13. Bf1 Qb6 14. e3 Rfc8
15. Qb3 Rab8 16. Ra1 h6 17. Qa4 Qd6 18. Bxa6 Qxa6 19. Kg2 Qe2 20. Ng1 Qd3 21.
Qb3 Qa6 22. Ndf3 Ne4 23. Qd3 Qxd3 24. Rxd3 Rc2 25. Nh3 g5 0-1

[Event "Int. Stuttgarter Stadtmeisterschaft A"]
[Site "Ditzingen"]
[Date "2019.05.31"]
[Round "3.10"]
[White "Schulte, Torsten"]
[Black "Ciolek, Andreas"]
[Result "0-1"]
[WhiteElo "2023"]
[BlackElo "2241"]
[PlyCount "98"]
[EventDate "2019.??.??"]
[WhiteTeam "SC BÃ¶blingen 1975 e.V."]
[BlackTeam "MÃ¼nchener SC 1836 e.V."]

1. d4 Nf6 2. c4 g6 3. Nc3 Bg7 4. e4 d6 5. f4 O-O 6. Nf3 c5 7. dxc5 Qa5 8. Bd3
Qxc5 9. Qe2 Nc6 10. Be3 Qa5 11. O-O Re8 12. Kh1 Bg4 13. Qf2 Nb4 14. Rad1 Be6
15. Qe2 Rac8 16. b3 Nxd3 17. Qxd3 Bg4 18. Rc1 Nd7 19. Bd2 Nc5 20. Qe3 Ne6 21.
Nb5 Qxa2 22. Nxa7 Ra8 23. Nb5 Bxf3 24. Rxf3 Rec8 25. f5 Nc5 26. f6 exf6 27.
Nxd6 Rd8 28. Bb4 Na6 29. Rf2 Bh6 30. Qf3 Qxf2 31. Qxf2 Nxb4 32. Rf1 Rxd6 33. e5
Rda6 34. exf6 Bg5 35. g3 Rxf6 36. Qg2 Ra2 37. Qh3 Rxf1+ 38. Qxf1 Kg7 39. Qf3
Nc6 40. b4 Bf6 41. b5 Ne5 42. Qxb7 Nxc4 43. Qc6 Ne3 44. h3 Nf5 45. Qc7 Re2 46.
g4 Be5 47. Qc4 Bd4 48. Qc7 Re1+ 49. Kg2 Nh4+ 0-1

[Event "Int. Stuttgarter Stadtmeisterschaft A"]
[Site "Ditzingen"]
[Date "2019.05.31"]
[Round "3.11"]
[White "Scherer, Holger"]
[Black "Blum, Frederik"]
[Result "0-1"]
[WhiteElo "2169"]
[BlackElo "1994"]
[PlyCount "90"]
[EventDate "2019.??.??"]
[WhiteTeam "SK Lauffen"]
[BlackTeam "Spvgg Böblingen"]

1. e4 c5 2. Nf3 d6 3. d4 cxd4 4. Nxd4 Nf6 5. Nc3 g6 6. Be2 Bg7 7. Be3 Nc6 8.
O-O O-O 9. Kh1 Bd7 10. Nb3 Na5 11. f4 Bc6 12. e5 Ne4 13. Nxe4 Bxe4 14. exd6
exd6 15. c3 Re8 16. Nxa5 Qxa5 17. Bf3 Qb5 18. Qd2 d5 19. a4 Qc6 20. Bd4 Bxd4
21. Qxd4 Bxf3 22. Rxf3 Re4 23. Qd2 Rxa4 24. Rd1 Re8 25. f5 Rae4 26. Rdf1 Qd6
27. Qf2 g5 28. Qxa7 b6 29. Qa1 Rh4 30. h3 Rhe4 31. Qc1 h6 32. f6 Qe5 33. Qd2
Re2 34. Qd3 Rxb2 35. Rf5 Qe4 36. Qg3 Kh7 37. R5f3 Kg6 38. Qd6 Qe5 39. Qc6 Qe6
40. Qa4 Re2 41. Qd4 Rb2 42. Qa4 Qe4 43. Qd7 Ra8 44. Rg3 Rb1 45. Rgf3 Raa1 0-1

[Event "Int. Stuttgarter Stadtmeisterschaft A"]
[Site "Ditzingen"]
[Date "2019.05.31"]
[Round "3.12"]
[White "Schröter, Samuel"]
[Black "Petzold, Tristan"]
[Result "1-0"]
[WhiteElo "2161"]
[BlackElo "1947"]
[PlyCount "91"]
[EventDate "2019.??.??"]
[WhiteTeam "SC Böblingen 1975 e.V."]
[BlackTeam "Mönchfelder SV 1967"]

1. c4 Nf6 2. Nc3 g6 3. g3 d5 4. cxd5 Nxd5 5. Bg2 Nxc3 6. bxc3 Bg7 7. Rb1 c6 8.
Nf3 O-O 9. O-O Qa5 10. Qc2 e5 11. d3 e4 12. Nd4 exd3 13. exd3 Nd7 14. Bd2 Rd8
15. Rfe1 h6 16. Re2 Nf6 17. Rbe1 c5 18. Nb3 Qa4 19. Qc1 c4 20. Nc5 Qxa2 21. d4
Qa5 22. Re7 Bf8 23. Nxb7 Bxb7 24. Rxb7 Rab8 25. Rxb8 Rxb8 26. Bf1 Qa2 27. Bxh6
Bxh6 28. Qxh6 Qxf2+ 29. Kxf2 Ng4+ 30. Kf3 Nxh6 31. Ra1 Rb3 32. Rc1 Nf5 33. Bxc4
Ra3 34. Ke4 Kf8 35. g4 Nd6+ 36. Kd3 Nxc4 37. Kxc4 Ke7 38. Kd5 Ra2 39. c4 Rxh2
40. c5 f5 41. gxf5 gxf5 42. Ra1 f4 43. Rxa7+ Ke8 44. Ke4 Rh4 45. Kf3 Kf8 46. c6
1-0

[Event "Int. Stuttgarter Stadtmeisterschaft A"]
[Site "Ditzingen"]
[Date "2019.05.31"]
[Round "3.13"]
[White "Jerie, Sven"]
[Black "Kreyer, Steve"]
[Result "1-0"]
[WhiteElo "2060"]
[BlackElo "1792"]
[PlyCount "95"]
[EventDate "2019.??.??"]
[WhiteTeam "SG Ludwigsburg 1919"]
[BlackTeam "SC Feuerbach"]

1. e4 e5 2. Nf3 Nc6 3. Bb5 a6 4. Ba4 Nf6 5. O-O Be7 6. Re1 b5 7. Bb3 O-O 8. h3
d6 9. c3 Na5 10. Bc2 c5 11. d4 Qc7 12. Nbd2 cxd4 13. cxd4 Nc6 14. Nb3 Bd7 15.
Be3 Rfd8 16. Rc1 Rac8 17. Bb1 exd4 18. Nbxd4 Qb7 19. Nf5 Be6 20. Nxe7+ Qxe7 21.
Bg5 Ne5 22. Nd4 h6 23. Bh4 Rxc1 24. Qxc1 Rc8 25. Qd1 g5 26. Bg3 Qd7 27. Nf5
Bxf5 28. exf5 Rc5 29. f4 Rd5 30. Qe2 Nc4 31. fxg5 hxg5 32. b3 Ne5 33. Qe3 Kh8
34. Qxg5 Nh7 35. Qh6 f6 36. Be4 Rc5 37. Rd1 Qc7 38. Bf2 Rc3 39. Qd2 Nf7 40. Bd4
Rg3 41. Qf4 Rg8 42. Rc1 Qe7 43. Bd5 Rd8 44. Qh2 Ne5 45. Qg3 Nf7 46. Rc6 a5 47.
Ra6 Qe2 48. Bxf7 1-0

[Event "Int. Stuttgarter Stadtmeisterschaft A"]
[Site "Ditzingen"]
[Date "2019.05.31"]
[Round "3.14"]
[White "Steinhart, Christoph"]
[Black "Sanati, Charlotte"]
[Result "0-1"]
[WhiteElo "1972"]
[BlackElo "2059"]
[PlyCount "84"]
[EventDate "2019.??.??"]
[WhiteTeam "TSV SchÃ¶naich"]
[BlackTeam "SG Trier"]

1. e4 c5 2. Nf3 g6 3. d4 cxd4 4. Nxd4 Nc6 5. Nc3 Bg7 6. Be3 Nf6 7. Nxc6 bxc6 8.
e5 Ng8 9. f4 Nh6 10. Bc4 O-O 11. O-O d6 12. exd6 exd6 13. Bd4 Nf5 14. Bxg7 Kxg7
15. Kh1 d5 16. Bb3 d4 17. Ne2 c5 18. Rf2 Ne3 19. Qd2 Bb7 20. h3 Qd7 21. Kg1
Rfe8 22. a4 Rad8 23. a5 Bc6 24. Ng3 f5 25. Nf1 Kf8 26. Re1 Qb7 27. Qd3 Bb5 28.
c4 Bc6 29. Rfe2 Be4 30. a6 Qb6 31. Qd2 Nxf1 32. Kxf1 Qxb3 33. Qa5 Qb6 34. Qa3
Kg7 35. g4 Qd6 36. Qg3 Kh8 37. gxf5 gxf5 38. Qh4 Bd3 39. Kg1 Bxe2 40. Rxe2 Rxe2
41. Kf1 Rde8 42. b4 Qg6 0-1

[Event "Int. Stuttgarter Stadtmeisterschaft A"]
[Site "Ditzingen"]
[Date "2019.05.31"]
[Round "3.15"]
[White "Schallner, Marc"]
[Black "Morgunov, Marc"]
[Result "0-1"]
[WhiteElo "2045"]
[BlackElo "2364"]
[PlyCount "72"]
[EventDate "2019.??.??"]
[WhiteTeam "SF 59 Kornwestheim"]

1. e4 c5 2. Nf3 d6 3. d4 cxd4 4. Nxd4 Nf6 5. Nc3 a6 6. Be3 e5 7. Nf3 Be7 8. Bc4
O-O 9. O-O Qc7 10. Bb3 Be6 11. Qe2 Nc6 12. Bg5 Rac8 13. Rac1 Nd7 14. Be3 Na5
15. Rfd1 Nc4 16. Bxc4 Qxc4 17. Qxc4 Rxc4 18. Ng5 h6 19. Nxe6 fxe6 20. f3 Rfc8
21. Rd2 b5 22. a3 Nf6 23. Nb1 d5 24. exd5 Nxd5 25. Bf2 Bg5 26. c3 e4 27. fxe4
Rxe4 28. Re1 Rxe1+ 29. Bxe1 Bxd2 30. Nxd2 Ne3 31. Bg3 Nc4 32. Nxc4 bxc4 33. Kf2
Rd8 34. Ke2 Kf7 35. Be5 Rd5 36. Bd4 Rb5 0-1

[Event "Int. Stuttgarter Stadtmeisterschaft A"]
[Site "Ditzingen"]
[Date "2019.05.31"]
[Round "3.16"]
[White "Hess, Max"]
[Black "Ludwig, Sebastian"]
[Result "1-0"]
[WhiteElo "2344"]
[BlackElo "2034"]
[PlyCount "65"]
[EventDate "2019.??.??"]
[WhiteTeam "SC Garching 1980 e.V."]
[BlackTeam "SV Stuttgart-Wolfbusch"]

1. c4 e5 2. g3 Nf6 3. Bg2 c6 4. Nf3 e4 5. Nd4 Qb6 6. Nc2 d5 7. Nc3 dxc4 8. O-O
Be7 9. Nxe4 Nxe4 10. Bxe4 Bh3 11. Re1 Nd7 12. Ne3 Qc5 13. Qc2 Nb6 14. a4 a5 15.
b3 cxb3 16. Qxb3 Be6 17. Qb1 Bf6 18. Bb2 O-O-O 19. Bxf6 gxf6 20. d3 Rd4 21. Rc1
Qb4 22. Nc2 Qxb1 23. Rcxb1 Rxa4 24. Rxb6 Rxa1+ 25. Nxa1 f5 26. Bf3 Kc7 27. Rb1
a4 28. e3 a3 29. Kf1 Ra8 30. Ke1 b5 31. Kd2 Kb6 32. Kc3 Ba2 33. Rc1 1-0

[Event "Int. Stuttgarter Stadtmeisterschaft A"]
[Site "Ditzingen"]
[Date "2019.05.31"]
[Round "3.17"]
[White "Hefner, Felix"]
[Black "Kabisch, Thilo"]
[Result "0-1"]
[WhiteElo "2004"]
[BlackElo "2341"]
[PlyCount "109"]
[EventDate "2019.??.??"]
[WhiteTeam "BG Buchen"]
[BlackTeam "SK Schmiden/Cannstatt"]

1. d4 Nf6 2. c4 g6 3. g3 Bg7 4. Bg2 O-O 5. Nf3 d6 6. Nc3 c5 7. d5 e6 8. O-O
exd5 9. cxd5 a6 10. a4 Re8 11. Nd2 Nbd7 12. Nc4 Nb6 13. Nxb6 Qxb6 14. e4 Ng4
15. h3 Ne5 16. a5 Qc7 17. f4 Nd7 18. Kh2 c4 19. Qa4 Rb8 20. Be3 Rf8 21. Rab1 b5
22. axb6 Nxb6 23. Qc2 f5 24. Ne2 Bd7 25. Nd4 Rbe8 26. Ne6 Bxe6 27. dxe6 Kh8 28.
exf5 Rxf5 29. Bxb6 Qxb6 30. Qxc4 Rc5 31. Qe2 Qb3 32. Rfe1 Rc2 33. Qxa6 Qf3 34.
Qf1 Qxf1 35. Rxf1 Rxe6 36. Rfe1 Rxe1 37. Rxe1 Bxb2 38. Rd1 Ba3 39. Rd3 Bc5 40.
g4 Kg7 41. Kg3 Kf6 42. Bd5 h6 43. Be4 Rb2 44. Bd5 Bb4 45. Rd1 Bd2 46. Kf3 g5
47. f5 Ke5 48. Bc4 d5 49. Bf1 d4 50. Ke2 Be3+ 51. Kd3 Rb3+ 52. Ke2 Kf4 53. Rd3
Rb2+ 54. Ke1 Kf3 55. f6 0-1

[Event "Int. Stuttgarter Stadtmeisterschaft A"]
[Site "Ditzingen"]
[Date "2019.05.31"]
[Round "3.18"]
[White "Krockenberger, Martin"]
[Black "Jakob, Georg"]
[Result "1-0"]
[WhiteElo "2186"]
[BlackElo "2002"]
[PlyCount "103"]
[EventDate "2019.??.??"]
[WhiteTeam "SK Schmiden/Cannstatt"]
[BlackTeam "SG Königskinder Hohentübingen e."]

1. c4 c5 2. g3 g6 3. Bg2 Bg7 4. Nc3 Nc6 5. Nf3 e5 6. O-O d6 7. a3 a5 8. Ne1
Nge7 9. Nc2 Be6 10. Ne3 O-O 11. d3 f5 12. Ned5 h6 13. Rb1 g5 14. Bd2 Rb8 15. b4
axb4 16. axb4 Nxb4 17. Nxb4 cxb4 18. Rxb4 d5 19. cxd5 Nxd5 20. Nxd5 Bxd5 21.
Rb5 Bc6 22. Qb3+ Kh8 23. Ba5 Qd7 24. Bxc6 Qxc6 25. Rb1 e4 26. Qc4 Qxc4 27. dxc4
Rfc8 28. Rxf5 Rxc4 29. Rfb5 Rc2 30. e3 Rf8 31. Be1 Rf7 32. Kf1 Rcc7 33. Rb6 Kh7
34. g4 Kg8 35. Re6 Rc2 36. Rxe4 Bc3 37. Rc4 Rb2 38. Rxb2 Bxb2 39. Rb4 Be5 40.
h3 Kf8 41. Ke2 Ke8 42. Re4 Re7 43. Bb4 Bd6 44. Rxe7+ Kxe7 45. Bxd6+ Kxd6 46. f4
Kd5 47. Kd3 b5 48. e4+ Ke6 49. f5+ Ke5 50. Kc3 Kf4 51. f6 Kg3 52. f7 1-0

[Event "Int. Stuttgarter Stadtmeisterschaft A"]
[Site "Ditzingen"]
[Date "2019.05.31"]
[Round "3.19"]
[White "FÃ¶rster, Bernhard"]
[Black "Lahouel, Kim-Luca"]
[Result "1-0"]
[WhiteElo "2151"]
[BlackElo "1974"]
[PlyCount "97"]
[EventDate "2019.??.??"]
[WhiteTeam "SK Bietigheim-Bissingen"]
[BlackTeam "Heilbronner SV"]

1. c4 e5 2. Nc3 Nf6 3. g3 Bc5 4. Bg2 O-O 5. d3 Nc6 6. Nf3 a6 7. O-O d6 8. a3 a5
9. Rb1 Bd7 10. Ne1 Qc8 11. Bg5 Ng4 12. Nd5 h6 13. Bd2 f5 14. b4 Nxf2 15. Rxf2
Bxf2+ 16. Kxf2 axb4 17. axb4 Qd8 18. Kg1 Nd4 19. e3 Ne6 20. b5 Be8 21. Nc3 Nc5
22. d4 exd4 23. exd4 Ne4 24. Nxe4 fxe4 25. Ra1 Rxa1 26. Qxa1 Qf6 27. Be3 d5 28.
Qc3 c6 29. bxc6 bxc6 30. c5 Bh5 31. Qd2 Qf7 32. h3 Qa7 33. Kh2 Rb8 34. Bf2 Qa1
35. g4 Bg6 36. Qe3 Rb2 37. h4 Qa2 38. Kg1 Re2 39. Qf4 e3 40. Bg3 Qd2 41. Qf1
Rf2 42. Bxf2 e2 43. Bxd5+ cxd5 44. Qg2 Be4 45. Qg3 Qc1 46. Qe3 Qc4 47. Qf4 Qb3
48. Kh2 Kh7 49. c6 1-0

[Event "Int. Stuttgarter Stadtmeisterschaft A"]
[Site "Ditzingen"]
[Date "2019.05.31"]
[Round "3.20"]
[White "Müller, Thomas"]
[Black "Mareck, Sascha"]
[Result "1/2-1/2"]
[WhiteElo "2001"]
[BlackElo "2137"]
[PlyCount "27"]
[EventDate "2019.??.??"]
[WhiteTeam "SV Schömberg"]
[BlackTeam "SV Nürtingen"]

1. d4 Nf6 2. Nf3 g6 3. c4 Bg7 4. Nc3 O-O 5. e4 d6 6. Be2 e5 7. dxe5 dxe5 8.
Qxd8 Rxd8 9. Bg5 Re8 10. Nd5 Nxd5 11. cxd5 c6 12. Bc4 cxd5 13. Bxd5 Nc6 14. O-O
1/2-1/2

[Event "Int. Stuttgarter Stadtmeisterschaft A"]
[Site "Ditzingen"]
[Date "2019.05.31"]
[Round "3.21"]
[White "HÃ¼ttig, Michael"]
[Black "Scheynin, Julia"]
[Result "0-1"]
[WhiteElo "2114"]
[BlackElo "1972"]
[PlyCount "88"]
[EventDate "2019.??.??"]
[WhiteTeam "SC Erdmannhausen"]
[BlackTeam "Karlsruher SF 1853"]

1. Nf3 d5 2. g3 c5 3. c4 d4 4. e3 Nc6 5. exd4 Nxd4 6. Nxd4 Qxd4 7. d3 Bg4 8. f3
Bd7 9. Nc3 Bc6 10. Qe2 b6 11. Be3 Qd7 12. O-O-O Qb7 13. Bg2 e6 14. h4 O-O-O 15.
d4 cxd4 16. Rxd4 Rxd4 17. Bxd4 Nh6 18. Rd1 Nf5 19. Bf2 Be7 20. Ne4 h5 21. Kb1
Rd8 22. Rxd8+ Kxd8 23. Qd3+ Qd7 24. Qxd7+ Kxd7 25. Kc2 Nh6 26. Kd3 f5 27. Nc3
Nf7 28. b3 Ne5+ 29. Ke2 f4 30. Ne4 Ng6 31. Bh3 fxg3 32. Bxg3 Bxh4 33. Bxh4 Nxh4
34. Ng5 Ke7 35. Ke3 e5 36. b4 Ng6 37. b5 Bb7 38. Ne6 Bc8 39. Ng5 Bxh3 40. Nxh3
Kf6 41. Ke4 Nf4 42. Nxf4 exf4 43. Kxf4 g5+ 44. Kg3 Ke5 0-1

[Event "Int. Stuttgarter Stadtmeisterschaft A"]
[Site "Ditzingen"]
[Date "2019.05.31"]
[Round "3.22"]
[White "Gheng, Simona"]
[Black "Schwab, Matthias"]
[Result "1/2-1/2"]
[WhiteElo "1991"]
[BlackElo "2114"]
[PlyCount "43"]
[EventDate "2019.??.??"]
[WhiteTeam "SF Deizisau"]
[BlackTeam "SC Weiße Dame Ulm e.V."]

1. e4 c5 2. c4 Nc6 3. Nc3 g6 4. g3 Bg7 5. Bg2 d6 6. Nge2 e6 7. d3 Nge7 8. O-O
O-O 9. a3 Nd4 10. Rb1 Nxe2+ 11. Nxe2 d5 12. b4 dxc4 13. dxc4 Qc7 14. Qb3 b6 15.
Be3 Nc6 16. Rfc1 Bb7 17. Nc3 Nd4 18. Bxd4 Bxd4 19. Nb5 Qe5 20. Nxd4 Qxd4 21.
Rd1 Qe5 22. f4 1/2-1/2

[Event "Int. Stuttgarter Stadtmeisterschaft A"]
[Site "Ditzingen"]
[Date "2019.05.31"]
[Round "3.23"]
[White "Klings, Peter"]
[Black "Mikeler, Marcel"]
[Result "1/2-1/2"]
[WhiteElo "2112"]
[BlackElo "1889"]
[PlyCount "106"]
[EventDate "2019.??.??"]
[WhiteTeam "Freibauer Mörlenbach-Birkenau"]
[BlackTeam "Heilbronner SV"]

1. Nf3 d5 2. g3 Nf6 3. Bg2 c5 4. O-O Nc6 5. d4 cxd4 6. Nxd4 Qb6 7. Nxc6 bxc6 8.
c4 e6 9. Qc2 Be7 10. Nc3 O-O 11. Na4 Qa6 12. Be3 Rb8 13. Rfc1 Rb4 14. b3 dxc4
15. Nc5 Qa3 16. bxc4 Rb8 17. Nd3 c5 18. Qc3 Qxc3 19. Rxc3 Nd7 20. Ra3 Bf6 21.
Re1 a6 22. Bc6 Rd8 23. Nxc5 Ne5 24. Nxa6 Nxc6 25. Nxb8 Nxb8 26. Ra8 Bb7 27. Ra7
Ba6 28. Rc1 h6 29. Kf1 Kf8 30. c5 Bb5 31. Rb1 Bc6 32. Rc7 Be5 33. Ra7 Nd7 34.
f3 g5 35. Kf2 Bb8 36. Ra6 Rc8 37. h4 f6 38. hxg5 hxg5 39. Rh1 Kg7 40. Rd1 Bb5
41. Rxe6 Kf7 42. Re4 Nxc5 43. Rb4 Ba6 44. Bxc5 Rh8 45. Kg2 Bxe2 46. Re1 Bd3 47.
Re3 Bf5 48. Re7+ Kg6 49. Rb6 Rd8 50. Be3 Bd6 51. Ra6 Be5 52. g4 Bc2 53. Rc6 Bb1
1/2-1/2

[Event "Int. Stuttgarter Stadtmeisterschaft A"]
[Site "Ditzingen"]
[Date "2019.05.31"]
[Round "3.24"]
[White "Lehmann, Stefan"]
[Black "Einwiller, Dieter"]
[Result "0-1"]
[WhiteElo "1990"]
[BlackElo "2104"]
[PlyCount "98"]
[EventDate "2019.??.??"]
[WhiteTeam "Ssg Fils-Lauter"]
[BlackTeam "SF Pfullingen"]

1. e4 d5 2. exd5 Nf6 3. d4 Nxd5 4. c4 Nb6 5. Nf3 g6 6. Nc3 Bg7 7. c5 Nd5 8. Bc4
c6 9. O-O O-O 10. Re1 h6 11. Qb3 Nxc3 12. bxc3 b5 13. Bd3 Bf5 14. Bxf5 gxf5 15.
a4 a6 16. Ne5 e6 17. Bf4 Kh7 18. Re3 Bxe5 19. Bxe5 Nd7 20. Bf4 Rg8 21. Rh3 Rg6
22. Qd1 Nf6 23. Qf3 Qd5 24. axb5 Rag8 25. bxa6 Rxg2+ 26. Kh1 Ng4 27. Rxh6+ Nxh6
28. Qxd5 exd5 29. Bxh6 Kxh6 30. a7 Rxf2 31. a8=Q Rxa8 32. Rxa8 Re2 33. Rc8 Re6
34. Kg2 Kg5 35. Kf3 f4 36. h4+ Kf5 37. Rc7 Re3+ 38. Kf2 Rxc3 39. Rxc6 Ke4 40.
Rf6 Rc2+ 41. Ke1 Ke3 42. Kd1 Rd2+ 43. Ke1 Rh2 44. Kd1 f3 45. Rxf7 Rh1+ 46. Kc2
f2 47. Kc3 Rc1+ 48. Kb4 f1=Q 49. Rxf1 Rxf1 0-1

[Event "Int. Stuttgarter Stadtmeisterschaft A"]
[Site "Ditzingen"]
[Date "2019.05.31"]
[Round "3.25"]
[White "Schmitz, Nico"]
[Black "SchÃ¤dler, JÃ¼rgen"]
[Result "1/2-1/2"]
[WhiteElo "1969"]
[BlackElo "2098"]
[PlyCount "116"]
[EventDate "2019.??.??"]
[WhiteTeam "SF Konz-Karthaus"]
[BlackTeam "SVG Konstanz"]

1. d4 d5 2. e3 Nf6 3. f4 Bf5 4. Bd3 Bxd3 5. Qxd3 c6 6. Nf3 e6 7. O-O Ne4 8.
Nbd2 f5 9. Qe2 Bd6 10. Nxe4 fxe4 11. Ng5 Qf6 12. Qg4 Qf5 13. Qh5+ g6 14. Qh6
Bf8 15. Qh3 Qxh3 16. Nxh3 h6 17. Nf2 Nd7 18. Bd2 Be7 19. Ng4 Kf7 20. Ba5 b6 21.
Bd2 Kg7 22. Rac1 h5 23. Ne5 Nxe5 24. fxe5 Rhf8 25. Rxf8 Kxf8 26. Rf1+ Kg7 27.
Kf2 Rf8+ 28. Ke2 Rxf1 29. Kxf1 Kf7 30. Ke2 Ke8 31. Kf2 Bh4+ 32. Ke2 Be7 33. Kf2
Bh4+ 34. Ke2 c5 35. c3 c4 36. Kd1 Kd7 37. Kc2 Kc6 38. Bc1 Be7 39. Bd2 b5 40.
Be1 Bg5 41. Bd2 a5 42. a3 Be7 43. Be1 Kd7 44. Kd1 Ke8 45. Ke2 Kf7 46. h3 h4 47.
Kd1 Ke8 48. Ke2 Kd7 49. Kd1 Kc6 50. Kc2 Bd8 51. Bd2 Bg5 52. Kd1 Be7 53. Kc2 b4
54. axb4 axb4 55. Be1 bxc3 56. bxc3 Kb5 57. Bd2 Ka4 58. Kb2 Ba3+ 1/2-1/2

[Event "Int. Stuttgarter Stadtmeisterschaft A"]
[Site "Ditzingen"]
[Date "2019.05.31"]
[Round "3.26"]
[White "Afonso, Nils"]
[Black "Gheng, Dominik"]
[Result "0-1"]
[WhiteElo "1927"]
[BlackElo "2061"]
[PlyCount "62"]
[EventDate "2019.??.??"]
[WhiteTeam "SF 59 Kornwestheim"]
[BlackTeam "Schach-Kids Bernhausen e.V."]

1. d4 d5 2. c4 e6 3. Nc3 Nf6 4. cxd5 exd5 5. Bg5 Be7 6. e3 O-O 7. Qc2 h6 8. Bh4
b6 9. Nf3 Bb7 10. Bd3 Nbd7 11. O-O Ne4 12. Bxe7 Qxe7 13. b4 c5 14. bxc5 bxc5
15. Qb3 c4 16. Qxb7 Nxc3 17. Bf5 Rfd8 18. Ne5 Rab8 19. Qxa7 Nb5 20. Qa5 Nxe5
21. dxe5 Qxe5 22. Bg4 f5 23. Bf3 Nc3 24. Rac1 Ne4 25. Rfd1 Ra8 26. Qb6 Rd6 27.
Qb5 Rxa2 28. Rxc4 Ng5 29. Rc8+ Kh7 30. Bxd5 Nh3+ 31. Kh1 Rxd5 0-1

[Event "Int. Stuttgarter Stadtmeisterschaft A"]
[Site "Ditzingen"]
[Date "2019.05.31"]
[Round "3.27"]
[White "Natzmer, Franz Helmut Medina"]
[Black "Sieker, Roland"]
[Result "1/2-1/2"]
[WhiteElo "1877"]
[BlackElo "2055"]
[PlyCount "52"]
[EventDate "2019.??.??"]
[WhiteTeam "Proleter Westfalen"]
[BlackTeam "MÃ¶nchfelder SV 1967"]

1. c4 Nf6 2. Nc3 g6 3. g3 Bg7 4. Bg2 O-O 5. e4 d6 6. Nge2 c5 7. O-O e5 8. d3
Nc6 9. f4 Bg4 10. h3 Bxe2 11. Nxe2 a6 12. f5 Nd7 13. g4 g5 14. h4 f6 15. Nc3
Nd4 16. Bd2 b5 17. Nd5 bxc4 18. dxc4 a5 19. Qa4 Nb6 20. Nxb6 Qxb6 21. Rab1 h6
22. Kf2 Rfb8 23. Rh1 Qc6 24. Qxc6 Nxc6 25. Rh3 a4 26. Bc3 Kf7 1/2-1/2

[Event "Int. Stuttgarter Stadtmeisterschaft A"]
[Site "Ditzingen"]
[Date "2019.05.31"]
[Round "3.28"]
[White "Kobald, Jacqueline"]
[Black "Schaffert, Walter"]
[Result "0-1"]
[WhiteElo "1839"]
[BlackElo "2055"]
[PlyCount "108"]
[EventDate "2019.??.??"]
[WhiteTeam "SV Stuttgart-Wolfbusch 1956 e.V."]
[BlackTeam "SG Ludwigsburg 1919"]

1. e4 d5 2. exd5 Qxd5 3. Nc3 Qd6 4. d4 Nf6 5. Nf3 a6 6. Ne5 Nc6 7. Nxc6 Qxc6 8.
d5 Qd6 9. g3 Bg4 10. f3 Bf5 11. Bf4 e5 12. dxe6 Qxe6+ 13. Qe2 O-O-O 14. Qxe6+
fxe6 15. Be3 Bxc2 16. Rc1 Bf5 17. Bc4 Nd5 18. Bg5 Re8 19. O-O Bc5+ 20. Kg2 Be3
21. Bxd5 Bxc1 22. Bxb7+ Kxb7 23. Rxc1 h6 24. Bf4 e5 25. Be3 Bd7 26. Ne4 Bc8 27.
b4 Kb8 28. Nc5 Rd8 29. a4 Rd6 30. b5 axb5 31. axb5 g5 32. Ra1 Rf8 33. Na6+ Bxa6
34. bxa6 Rff6 35. Rb1+ Ka8 36. Bc5 Rd2+ 37. Kh3 Rxf3 38. a7 Rd8 39. Kg4 Rc3 40.
Bg1 c5 41. Kf5 Kxa7 42. Kxe5 Rc2 43. Rb5 Rc8 44. Kd5 Ka6 45. Rxc5 R8xc5+ 46.
Bxc5 Rxh2 47. Ke4 Kb5 48. Be3 Kc4 49. Kf3 Kd5 50. Bc1 Rc2 51. Be3 Rc3 52. Kf2
Ke4 53. Bb6 Rc2+ 54. Kg1 Kf3 0-1

[Event "Int. Stuttgarter Stadtmeisterschaft A"]
[Site "Ditzingen"]
[Date "2019.05.31"]
[Round "3.29"]
[White "Huber, Benedikt"]
[Black "Khamenya, Vitalia"]
[Result "0-1"]
[WhiteElo "2051"]
[BlackElo "1877"]
[PlyCount "62"]
[EventDate "2019.??.??"]
[WhiteTeam "SK München Südost e.V."]
[BlackTeam "SK Gräfelfing"]

1. d4 Nf6 2. c4 e6 3. Nc3 d5 4. cxd5 exd5 5. Bg5 Nbd7 6. e3 Be7 7. Bd3 O-O 8.
Nge2 Re8 9. O-O c6 10. Qc2 Nf8 11. f3 h6 12. Bh4 Ne6 13. Rad1 Nh5 14. Bf2 Bh4
15. Ng3 Nxg3 16. hxg3 Bf6 17. b4 a6 18. a4 g6 19. b5 axb5 20. axb5 Ng7 21. Ra1
Rxa1 22. Rxa1 Bf5 23. g4 Bxd3 24. Qxd3 Ne6 25. bxc6 bxc6 26. Ra6 c5 27. Nb5
cxd4 28. exd4 Nf4 29. Qa3 Ne2+ 30. Kf1 Qb8 31. Qd3 Qh2 0-1

[Event "Int. Stuttgarter Stadtmeisterschaft A"]
[Site "Ditzingen"]
[Date "2019.05.31"]
[Round "3.30"]
[White "Schmidt, Markus"]
[Black "Wettengel, Alexander"]
[Result "1-0"]
[WhiteElo "1761"]
[BlackElo "2049"]
[PlyCount "93"]
[EventDate "2019.??.??"]
[WhiteTeam "Stuttgarter SF 1879"]
[BlackTeam "Stuttgarter SF"]

1. e4 e6 2. d4 d5 3. Nc3 Bb4 4. Qg4 g6 5. e5 h5 6. Qg3 b6 7. Bg5 Be7 8. Bd2 Ba6
9. Nge2 Nh6 10. O-O-O Nf5 11. Qh3 Kd7 12. Qf3 Ke8 13. g3 Nc6 14. Be3 g5 15. h3
Kf8 16. g4 Nxe3 17. fxe3 h4 18. Nf4 gxf4 19. Bxa6 Nb4 20. Be2 fxe3 21. Rhf1 Rh7
22. a3 Nc6 23. Rd3 Na5 24. Rdd1 Nc6 25. Bb5 Na5 26. b4 Rg7 27. Kb2 c6 28. Bd3
b5 29. Qxe3 Nc4+ 30. Bxc4 bxc4 31. Ne2 a5 32. Nf4 Kg8 33. c3 Qb6 34. Nh5 Rg6
35. Nf6+ Kg7 36. Nd7 Qa7 37. Nc5 Bxc5 38. dxc5 axb4 39. cxb4 Qa4 40. Rd4 Kg8
41. Rf3 Qa6 42. Qf2 Rg7 43. Rc3 Qa7 44. Qxh4 Rb8 45. Kc2 Rxb4 46. Qd8+ Kh7 47.
g5 1-0

[Event "Int. Stuttgarter Stadtmeisterschaft A"]
[Site "Ditzingen"]
[Date "2019.05.31"]
[Round "3.31"]
[White "Giebler, Kai"]
[Black "Scholtes, Benedikt"]
[Result "0-1"]
[WhiteElo "1730"]
[BlackElo "2046"]
[PlyCount "94"]
[EventDate "2019.??.??"]
[WhiteTeam "TSF Ditzingen"]
[BlackTeam "SG Trier"]

1. e4 d6 2. Nf3 Nf6 3. Nc3 e5 4. d4 Nbd7 5. Be3 Be7 6. h3 h6 7. Qd2 c6 8. Be2
Qc7 9. O-O Rg8 10. dxe5 dxe5 11. Bc4 g5 12. Rfd1 Nf8 13. Nh2 Ng6 14. f3 Nf4 15.
Ne2 h5 16. Bxf4 gxf4 17. Kh1 Bd7 18. Qc3 Rg7 19. a4 a5 20. Nc1 Bb4 21. Qb3 Ke7
22. Nd3 Bd6 23. Rd2 Rag8 24. Rad1 Bc8 25. Nxf4 Bc5 26. Nd3 Ba7 27. Qa3+ Qd6 28.
Qxd6+ Kxd6 29. g4 hxg4 30. hxg4 Ke7 31. Nxe5 Rh8 32. Bxf7 Rh3 33. Ng6+ Kxf7 34.
Nf4 Rh8 35. e5 Ne8 36. Kg2 Be3 37. e6+ Kf6 38. Nh5+ Rxh5 39. Rd8 Bxe6 40. Rxe8
Bf4 41. Nf1 Rc5 42. c3 Bb3 43. Rd4 Be5 44. Re4 Bd6 45. Ng3 Rd5 46. Nf1 Re5 47.
Ng3 Rge7 0-1